Understanding regression analysis : an introductory guide

Αποθηκεύτηκε σε:
Λεπτομέρειες βιβλιογραφικής εγγραφής
Κύριος συγγραφέας: Schroeder, Larry D.
Άλλοι συγγραφείς: Sjoquist, David L., Stephan, Paula E.
Μορφή: Βιβλίο
Γλώσσα:English
Δημοσίευση: Newbury Park, Calif. : Sage Publications, c1996
Σειρά:Sage university papers series. Quantitative applications in the social sciences ; ; 57
Θέματα:
Ετικέτες: Προσθήκη ετικέτας
Δεν υπάρχουν, Καταχωρήστε ετικέτα πρώτοι!

MARC

LEADER 00000nam a2200000 i 4500
001 1/14832
008 981014s1996 eng d
020 |a 0-8039-2758-4 
035 |l 10065153 
040 |a GR-MY-UA  |b gre  |e aacr 
041 0 |a eng 
082 0 |a 519.536 
100 1 |a Schroeder, Larry D. 
245 1 0 |a Understanding regression analysis :  |b an introductory guide /  |c Larry D. Schroeder, David L. Sjoquist, Paula E. Stephan 
260 |a Newbury Park, Calif. :   |b Sage Publications,   |c c1996 
300 |a 95 p.;  |b ill.;  |c 22 cm. 
490 1 |a Sage university papers series. Quantitative applications in the social sciences  |v ; 57 
504 |a Includes bibliographical references 
650 0 0 |a Regression analysis. 
650 0 0 |a Social sciences  |x Statistical methods. 
700 1 |a Sjoquist, David L. 
700 1 |a Stephan, Paula E. 
830 0 |a Sage university papers series. Quantitative applications in the social sciences ;  |v ; 57 
852 |a INST  |b LESVOS  |e 19981014  |h 300.1519536 SCH  |p 005100018448  |q 005100018448  |t BK  |y 0 
852 |a INST  |b SAMOS  |e 20001214  |h 519.536 SCH  |p 005300018218  |q 005300018218  |t BK  |y 0 
901 |a BIBL3-2001-1 
901 |a BIBL1-1999-1 
909 |a Σ  |b 082912 
909 |a Λ  |b 059674 
922 |a 3ΕΛΗ  |b 200011  |c ΤΣΑΕ/ΚΒ  |d ΜΙΧΑΛΟΠΟΥΛΟΣ 
922 |a 1ΕΛΗ  |b 199809  |c ΚΠΣ/ΤΓ  |d ΠΑΠΑΣΩΤΗΡΙΟΥ 
950 |a 184-2000-09-12 
950 |a 118-1998-07-23 
970 |a ΠΟΥΡΝΑΡΑΣ  |b ΔΗΜΗΤΡΗΣ  |z 2001/01/23